Überlegungen zur abschließenden Regelung über den Umgang mit den Unterlagen des ehemaligen Ministeriums für Staatssicherheit/Amtes für Nationale Sicherheit (Stasi-Akten-Gesetz)

Gespeichert in:  
Bibliographische Detailangaben
1. VerfasserIn: Dörr, Erwin (Verfasst von)
Medienart: Druck Aufsatz
Sprache:Deutsch
Veröffentlicht: 1991
In: Zeitschrift für Gesetzgebung
Jahr: 1991, Band: 6, Heft: 2, Seiten: 170-175
Bestand in Tübingen:In Tübingen vorhanden.
IFK: 7011
Verfügbarkeit prüfen: HBZ Gateway
Schlagwörter:

MARC

LEADER 00000caa a22000002c 4500
001 1640044051
003 DE-627
005 20220608130935.0
007 tu
008 160223s1991 xx ||||| 00| ||ger c
035 |a (DE-627)1640044051 
035 |a (DE-576)456038132 
035 |a (DE-599)BSZ456038132 
040 |a DE-627  |b ger  |c DE-627  |e rakwb 
041 |a ger 
100 1 |a Dörr, Erwin  |4 aut 
245 1 0 |a Überlegungen zur abschließenden Regelung über den Umgang mit den Unterlagen des ehemaligen Ministeriums für Staatssicherheit/Amtes für Nationale Sicherheit (Stasi-Akten-Gesetz)  |c Erwin Dörr 
264 1 |c 1991 
336 |a Text  |b txt  |2 rdacontent 
337 |a ohne Hilfsmittel zu benutzen  |b n  |2 rdamedia 
338 |a Band  |b nc  |2 rdacarrier 
773 0 8 |i In  |t Zeitschrift für Gesetzgebung  |d Heidelberg : Müller, 1986  |g 6(1991), 2, Seite 170-175  |w (DE-627)130422320  |w (DE-600)629488-1  |w (DE-576)015922847  |x 0179-4051  |7 nnas 
773 1 8 |g volume:6  |g year:1991  |g number:2  |g pages:170-175 
935 |a mkri 
951 |a AR 
ELC |b 1 
LOK |0 000 xxxxxcx a22 zn 4500 
LOK |0 001 330130589X 
LOK |0 003 DE-627 
LOK |0 004 1640044051 
LOK |0 005 20160223101037 
LOK |0 008 160208||||||||||||||||ger||||||| 
LOK |0 040   |a DE-21-110  |c DE-627  |d DE-21-110 
LOK |0 689   |a s  |a Stasi-Akten-Gesetz 
LOK |0 852   |a DE-21-110 
LOK |0 852 1  |c 7011  |m p  |9 00 
LOK |0 935   |a k110 
LOK |0 938   |k p 
LOK |0 939   |a 08-02-16  |b l01 
ORI |a SA-MARC-krimdoka001.raw 
SIG |a IFK: 7011